[Event "Kiev Blitz Marathon"]
[Site "Kiev"]
[Date "2023.04.23"]
[Round "47"]
[White "Kovalenko, Nazarii"]
[Black "Kazarin, Yuri"]
[Result "1-0"]
[WhiteElo "1783"]
[BlackElo "1799"]
[PlyCount "123"]
[EventDate "2023.04.22"]
[EventType "tourn (blitz)"]
[EventRounds "54"]
[EventCountry "UKR"]
[SourceTitle "CBM 213 Extra"]
[Source "ChessBase"]
[SourceDate "2023.05.31"]
[SourceVersion "1"]
[SourceVersionDate "2023.05.31"]
[SourceQuality "1"]

1. d4 d6 2. Nf3 Bg4 3. h3 Bh5 4. b3 c6 5. Bb2 d5 6. Nbd2 Nf6 7. e3 e6 8. Bd3 Bd6 9. 0-0 0-0 10. c4 Bg6 11. Bxg6 hxg6 12. Qc2 Nbd7 13. Rad1 Rc8 14. e4 dxe4 15. Nxe4 Nxe4 16. Qxe4 Nf6 17. Qe2 Qa5 18. Ba1 Rfd8 19. Ne5 Bxe5 20. dxe5 Nh7 21. Qc2 Rxd1 22. Rxd1 Rd8 23. Rxd8+ Qxd8 24. Bc3 Nf8 25. Kh2 g5 26. g3 Ng6 27. Qe4 Qd1 28. Bd4 Qd2 29. a4 a6 30. Qe3 Qxe3 31. fxe3 Kf8 32. g4 Ke7 33. Kg3 f6 34. exf6+ gxf6 35. Bc5+ Kd7 36. Bd4 e5 37. Bc5 Ke6 38. Kf3 Nh4+ 39. Kg3 Ng6 40. b4 Ne7 41. Bxe7 Kxe7 42. c5 Ke6 43. e4 Kf7 44. Kf3 Ke6 45. Ke3 Kd7 46. Kd3 Kc7 47. Kc4 Kd7 48. Kb3 Kc7 49. Kc4 Kd7 50. Kd3 Ke6 51. Ke3 Kf7 52. Kf3 Kg6 53. Kg3 Kh6 54. h4 gxh4+ 55. Kxh4 Kg6 56. g5 fxg5+ 57. Kg4 Kf6 58. Kh5 g4 59. Kxg4 Kg6 60. Kh4 Kh6 61. Kg4 Kg6 62. Kf3 1-0

[Event "Kiev Blitz Marathon"]
[Site "Kiev"]
[Date "2023.04.23"]
[Round "26"]
[White "Leshchyshak, Igor"]
[Black "Kovalenko, Nazarii"]
[Result "0-1"]
[WhiteElo "2010"]
[BlackElo "1783"]
[PlyCount "76"]
[EventDate "2023.04.22"]
[EventType "tourn (blitz)"]
[EventRounds "54"]
[EventCountry "UKR"]
[SourceTitle "CBM 213 Extra"]
[Source "ChessBase"]
[SourceDate "2023.05.31"]
[SourceVersion "1"]
[SourceVersionDate "2023.05.31"]
[SourceQuality "1"]

1. e4 c6 2. c4 d6 3. d4 Qc7 4. Nc3 e5 5. Nf3 Nf6 6. Be3 Nbd7 7. Be2 g6 8. 0-0 Bg7 9. h3 0-0 10. a3 Re8 11. dxe5 Nxe5 12. Nxe5 dxe5 13. Bg5 h6 14. Bxf6 Bxf6 15. c5 Be6 16. b4 Rad8 17. Qc2 Rd4 18. Rad1 Red8 19. Bf3 Bc4 20. Ne2 Bd3 21. Qb2 R4d7 22. Ng3 Bxf1 23. Rxf1 Rd2 24. Qc1 Bg5 25. Re1 R8d4 26. Qc4 Qd7 27. Qb3 Qd8 28. Bg4 Qf6 29. b5 R4d3 30. Qa4 Rf3 31. gxf3 Qxf3 32. Rf1 Bf4 33. Qb4 Rd4 34. Qe1 Rd3 35. bxc6 bxc6 36. Kh2 Rd2 37. Kg1 Qxa3 38. Kg2 Qxc5 0-1

[Event "Kiev Blitz Marathon"]
[Site "Kiev"]
[Date "2023.04.22"]
[Round "8"]
[White "Kovalenko, Nazarii"]
[Black "Khomenko, Pavlo"]
[Result "1/2-1/2"]
[WhiteElo "1783"]
[BlackElo "1638"]
[PlyCount "103"]
[EventDate "2023.04.22"]
[EventType "tourn (blitz)"]
[EventRounds "54"]
[EventCountry "UKR"]
[SourceTitle "CBM 213 Extra"]
[Source "ChessBase"]
[SourceDate "2023.05.31"]
[SourceVersion "1"]
[SourceVersionDate "2023.05.31"]
[SourceQuality "1"]

1. e4 Nc6 2. Nc3 e5 3. Bc4 Bc5 4. Nf3 h6 5. d3 d6 6. Be3 Bb6 7. h3 Nge7 8. a4 a6 9. Bxb6 cxb6 10. Nd5 0-0 11. Qd2 Be6 12. Nxe7+ Qxe7 13. b3 Bxc4 14. bxc4 a5 15. Rb1 Qc7 16. Qe3 Ra6 17. g4 Nb4 18. Qd2 Qc5 19. Rg1 f6 20. Nh4 Nc6 21. c3 Nd8 22. Nf5 Rf7 23. Rb5 Qc6 24. Rd5 Rd7 25. Rxd6 Qxa4 26. Rxd7 Qxd7 27. d4 Nf7 28. h4 a4 29. Ke2 a3 30. Ra1 Qc7 31. Ne3 Nd6 32. Qd3 Nc8 33. g5 hxg5 34. hxg5 Ra4 35. gxf6 gxf6 36. Rg1+ Kf8 37. c5 a2 38. Nd5 Qf7 39. Qh3 Ne7 40. Qh8+ Ng8 41. Nxf6 a1Q 42. Rxg8+ Ke7 43. Re8+ Qxe8 44. Qxe8+ Kxf6 45. dxe5+ Kg7 46. Qe7+ Kh6 47. Qf6+ Kh5 48. Qf5+ Kh6 49. Qf6+ Kh5 50. Qf5+ Kh6 51. Qf6+ Kh5 52. Qf5+ 1/2-1/2